000
00215nam a2200097Ia 4500
008
120527s9999 xx 000 0 und d
100
_a
GILL,W.
245
_a
Rendering with pen tink.
260
_b
Thomas
942
_c
BK
999
_c
23731
_d
23731